• 首页
  • 本馆介绍
  • 公告通知
  • 最新文献
  • 馆藏检索
  • 电子资源
  • 读者导购
  • 参考咨询
  • 我的图书馆
  • 登录
  • 详细信息显示
  • 放入我的书架
  • 预约/预借图书
  • 作者相关作品
  • 分类相关作品
  • 丛书相关作品
  • 出版社相关作品

书目信息

  • 表格格式
  • 工作单格式
  • 卡片格式
题名:
鄱阳湖湿地植物图谱
    
 
作者: 王晓龙 , 徐金英 编著
分册:  
出版信息: 北京   科学出版社  2016.12
页数: 148页
开本: 24cm
丛书名: 鄱阳湖生态系统研究丛书
单 册:
中图分类: Q948.525.6
科图分类:
主题词:
电子资源:
ISBN: 978-7-03-051041-9
000 00981oam2 2200277 450
001 0400002041
005 20171020081149.0
010    @a978-7-03-051041-9@dCNY89.00
100    @a20170619d2016 em y0chiy50 ea
101 0  @achi@elat
102    @aCN@b110000
105    @aa z 001yy
106    @ar
200 1  @a鄱阳湖湿地植物图谱@9po yang hu shi di zhi wu tu pu@f王晓龙,徐金英编著
210    @a北京@c科学出版社@d2016.12
215    @a148页@d24cm
225 1  @a鄱阳湖生态系统研究丛书@f王晓龙主编
330    @a本书以鄱阳湖湿地植物为对象,通过近10年工作积累,收录46科,129种湿地植物,对各种植物形态与生长习性及在鄱阳湖区的分布进行阐述。
461  0 @12001 @a鄱阳湖生态系统研究丛书
510 1  @aCollection of wetland plants in Poyang Lake@zeng
607    @a鄱阳湖@x沼泽化地@x植物@j图谱
690    @aQ948.525.6@v5
701  0 @a王晓龙@9wang xiao long@4编著
701  0 @a徐金英@9xu jin ying@4编著
801  0 @aCN@b91MARC@c20171020
905    @b1031345-9@dQ948.525.6@f5@e351
    
    鄱阳湖湿地植物图谱/王晓龙,徐金英编著.-北京:科学出版社,2016.12
    148页;24cm.-(鄱阳湖生态系统研究丛书/王晓龙主编)
    
    
    ISBN 978-7-03-051041-9:CNY89.00
    本书以鄱阳湖湿地植物为对象,通过近10年工作积累,收录46科,129种湿地植物,对各种植物形态与生长习性及在鄱阳湖区的分布进行阐述。
●
相关链接 在E读中查询图书 在五车中查询图书 在当当中查询图书 在豆瓣中查询图书


正题名:鄱阳湖湿地植物图谱     索取号:Q948.525.6/351         预约/预借

序号 登录号 条形码 馆藏地/架位号 状态 备注
1 1031345   210313454   第二样本阅览室/ [索取号:Q948.525.6/351] 在馆    
2 1031346   210313463   密集书库-生命科学系/ [索取号:Q948.525.6/351] 在馆    
3 1031347   210313472   第三借阅区/ [索取号:Q948.525.6/351] 在馆    
4 1031348   210313481   第三借阅区/ [索取号:Q948.525.6/351] 在馆    
5 1031349   210313490   第三借阅区/ [索取号:Q948.525.6/351] 在馆    
唐山师范学院图书馆 欢迎您!
大连网信软件有限公司© 版权所有